Modern-Day Countries of the Pink Map - Statistics

General Stats
  • This quiz has been taken 266 times
  • The average score is 5 of 5
Answers on the Map
Answers color-coded by a green-red scale on the quiz's map according to % correct below.
 
Answer Stats
Countries % Correct
Angola
98%
Mozambique
97%
Zambia
97%
Zimbabwe
96%
Malawi
95%
No matching quizzes found
Score Distribution
Percent of People with Each Score
Percentile by Number Answered
Your Score History
You have not taken this quiz